000 01295nam0a22003011 4500
001 v19\rc\1515429
005 20250618170240.0
035 _a(NLR Aleph) 004639140
090 _a3270538
_c3270538
100 _a20060620d1912 |||y0rusy50 ca
101 0 _arus
102 _aRU
105 _ay z |||c|
200 1 _aОчерки по истории педагогики
_eПособие для учеб. заведений, в которых преподается педагогика
_fСост. К. Ельницкий
205 _a14-е изд.
210 _aСанкт-Петербург
_cМ.М. Гутзац
_d1912
215 _a184 с., из них 4 с. объявл.
_d25
300 _aВ подзаг.: "Пособие для занимающихся воспитанием детей и для учебных заведений, в которых преподается педагогика"
700 1 _4220
_7ca
_8rus
_aЕльницкий
_bК. В.
_f1846-1917
_gКонстантин Васильевич
_9166118
_3RU\NLR\AUTH\770166165
801 0 _aRU
_bNLR
_gpsbo
801 0 _aRU
_bRuMoRGB
_2psbo
801 1 _aRU
_bProSoft-M
_2rusmarc
852 _aNLR
_j37.29.8.87
899 _aRuMoRGB
_jT 38/211
899 _aRuMoRGB
_jW 510/407
899 _aБАН
942 _cBOOK
980 _aNB